00547nam a2200157Ia 450000500170000000800410001708200230005810000150008124500290009626000800012530000110020550000530021694200060026995200990027599900150037420250307001609.0240331s9999 xx 000 0 und d bUMA25983a894.811 aUmadevi, K 0aThisaikalaip Parukiyaval aChennai,bPanikkudam Pathippagam (Publishers of Feminist Literature),c2006 a63 p., aA collection of poems by the author, K. Umadevi. cL 001040708LaWERCLbWERCLcSSCd2024-03-31l0o 894.811 UMAp5983r2024-03-31w2024-03-31yL c4662d4662